| 000 | 00796nam a2200217Ia 4500 | ||
|---|---|---|---|
| 001 | 23190 | ||
| 003 | GE_BSU | ||
| 008 | 181216s||||||||xx |||||||||||||| ||und|| | ||
| 040 | _cGE_BSU | ||
| 080 | _a821.353.1 | ||
| 245 | _aქართული მწერლობა:ოცდაათ ტომად. ტ6 | ||
| 245 | _bთეიმურაზ პირველი | ||
| 260 | _aთბილისი | ||
| 260 | _bნაკადული | ||
| 260 | _c1989 | ||
| 300 | _a577 გვ; 20სმ. | ||
| 541 | _h8ლ. 85თ. | ||
| 653 | _aთეიმურაზ პირველი. არჩილი გაბაასება თეიმურაზისა და რუსთაველისა | ||
| 653 | _aქართული მწერლობა | ||
| 942 | _cBK | ||
| 999 |
_c56090 _d56090 |
||